Statistics for General Knowledge Picture Puzzle Game #4

Click here to take the quiz!

General Stats

  • This quiz has been taken 791 times
    (788 since last reset)
  • The average score is 11 of 17

Answer Stats

Hint Answer % Correct
HTML tutorial What is the name of golf player Woods?Tiger
94%
HTML tutorial I what year Titanic had its first and last sailing?1912
84%
HTML tutorial What is the capital city of Hawaii?Honolulu
83%
HTML tutorial In what city was Muhammad born?Mecca
80%
HTML tutorial What is the shape of stop sign?Octagon
77%
HTML tutorial Who painted "The Starry Night"?Vincent van Gogh
74%
HTML tutorial What is the name of Prince Charles' wife?Camilla
70%
HTML tutorial What is the name of a numeric scale used
to specify the acidity or basicity?
pH
66%
HTML tutorial Who wrote "War and Peace"?Leo Tolstoy
66%
HTML tutorial Who invented the telescope?Galileo Galilei
64%
HTML tutorial What is the name of Jewish temple?Synagogue
56%
HTML tutorial "_____ in Chains" (Grunge band).Alice
51%
HTML tutorial Who was main actor in movie "Casablanca"?Humphrey Bogart
49%
HTML tutorial "Utah ____" (NBA team)Jazz
48%
HTML tutorial Who was the leader of 300?Leonidas
41%
HTML tutorial In what city Jim Morrison died?Paris
41%
Nikola Tesla
32%

Score Distribution

Percentile by Number Answered

Percent of People with Each Score

Your Score History

You have not taken this quiz since the last reset